Все на борьбу с темнотой. Вып.3: За грамоту (Запись № 13484620)

Подробности
000 -МАРКЕР
контрольное поле 01083nam2a22002171 4500
001 - ИДЕНТИФИКАТОР ЗАПИСИ
контрольное поле RU\NLR\A1SV\90559
005 - ИДЕНТИФИКАТОР ВЕРСИИ
контрольное поле 20251203152403.2
035 ## - ДРУГИЕ СИСТЕМНЫЕ НОМЕРА
Идентификатор записи (NLR Aleph) 009771916
100 ## - ДАННЫЕ ОБЩЕЙ ОБРАБОТКИ
Данные общей обработки 19800104d1926 u y0rusy50 ca
101 0# - ЯЗЫК РЕСУРСА
Язык текста, звукозаписи и т.д. русский
200 1# - ЗАГЛАВИЕ И СВЕДЕНИЯ ОБ ОТВЕТСТВЕННОСТИ
Основное заглавие За грамоту
Сведения, относящиеся к заглавию Сб. материалов по проведению агитации за грамоту
Первые сведения об ответственности Под ред. А.Курской
210 ## - ПУБЛИКАЦИЯ, РАСПРОСТРАНЕНИЕ И ДР.
Место издания, распространения и т.д. М.
Имя издателя, распространителя и т. д. Долой неграмотность
Дата издания, распространения и т.д. 1926
215 ## - ФИЗИЧЕСКАЯ ХАРАКТЕРИСТИКА
Специфическое обозначение материала и объем 88 с.
Другие сведения о физической характеристике ил.
461 #1 - УРОВЕНЬ НАБОРА
Встроенное поле 001RU\NLR\A1SV\21042
-- 2000#$vВып.3
Системный номер (АБИС) связанной записи 9810458
Место публикации М.
Дата публикации 1923-1926
Первые сведения об ответственности Всерос. чрезв. комис. по ликвидации безграмотности при Главполитпросвете
Имя издателя, распространителя и т.д. Крас. новь
Сведения, относящиеся к заглавию Сб. ст. по ликвидации неграмотности среди населения РСФСР
Заглавие Все на борьбу с темнотой
Номер тома Вып.3
702 #1 - ИМЯ ЛИЦА - ВТОРИЧНАЯ ОТВЕТСТВЕННОСТЬ
Начальный элемент ввода Курская
Часть имени, кроме начального элемента ввода А.С.
Даты 1882-1964
Расширение инициалов личного имени Анна Сергеевна
801 #0 - ИСТОЧНИК ЗАПИСИ
Страна Российская Федерация
Организация NLR
Дата составления 19800104
942 ## - ДОПОЛНИТЕЛЬНЫЕ ЭЛЕМЕНТЫ ЗАПИСИ (АБИС)
Тип экземпляра АБИС Книга
980 ## - КОЛЛЕКЦИЯ
Название коллекции Международный сводный каталог русской книги (1918-1926)
980 ## - КОЛЛЕКЦИЯ
Название коллекции Национальная библиография

Нет доступных экземпляров.